000 00612nam a2200157 a 4500
008 120416s1980 ||||||||||||||||| || u
020 _a0895170205
050 _aHA 35.15 Shi
100 _aShiffler, Ronald
245 1 0 _aSolutions manual to accompany James T. McClave and P. George Benson, statistics for business and eco
250 _arev. ed.
260 _aSan Francisco, [Cal.]
_bDellen Publishing
_c1980
300 _a168p. : ill.
350 _a0.00
995 _D0.00
_FCBU-MAIN LIBRARY (Kitwe)
_H1
_I0.00
_UAVAILABLE
_ZMain Library Open Access Collection
999 _c57907
_d57907